Language in the news: discourse and ideology in the press
Gespeichert in:
| 1. Verfasser: | |
|---|---|
| Format: | Buch |
| Sprache: | Englisch |
| Veröffentlicht: |
Londres
Routledge
1991
|
| Ausgabe: | 1a. ed |
| Schlagworte: | |
| Tags: |
Tag hinzufügen
Keine Tags, Fügen Sie den ersten Tag hinzu!
|
MARC
| LEADER | 00000cam a2200000 a 4500 | ||
|---|---|---|---|
| 001 | UCO9572 | ||
| 003 | CL-VaPUC | ||
| 008 | 010302e19910000UK |||||||||||||||||eng|d | ||
| 020 | |a 0415014182 | ||
| 082 | 0 | 4 | |a 302.2322 |b FOW |2 21 |
| 100 | 0 | |a Fowler, Roger |e author |9 454857 | |
| 245 | 1 | 0 | |a Language in the news: discourse and ideology in the press |
| 250 | |a 1a. ed | ||
| 300 | |a 254 p | ||
| 942 | |c BK | ||
| 945 | |d 20010302 00:00:00 |a cmena | ||
| 260 | |a Londres |b Routledge |c 1991 | ||
| 650 | 0 | |a Noticias |9 332257 | |
| 650 | 0 | |a Periódicos |9 335528 | |
| 650 | 0 | |a Análisis del discurso |9 256696 | |
| 650 | 0 | |a Aspectos sociales |9 254894 | |
| 650 | 7 | |a PRENSA INGLESA |2 CL-VaPUC |9 454858 | |
| 583 | |a last modification |c 20121026 09:51:52 |k Rodrigo Vera | ||
| 999 | |c 293773 |d 293771 | ||
| 952 | |0 0 |1 0 |4 0 |6 302_232200000000000_FOW_1991 |7 0 |8 A |9 345485 |a FDOPOS |b FDOPOS |d 2019-11-20 |i 3687775 |o 302.2322 FOW 1991 |p 3687775 |r 2025-01-22 |w 2019-11-20 |y BK |k MLA | ||
| 952 | |0 0 |1 0 |4 0 |6 302_232200000000000_FOW_1991 |7 0 |8 A |9 345486 |a BIBEDU |b BIBEDU |d 2019-11-20 |i 480970K |o 302.2322 FOW 1991 |p 480970K |r 2019-11-20 |w 2019-11-20 |y BK |k LIT | ||